Giáo trình ứng dụng hệ thống thông tin địa lý trong quản lý môi truờng và tài nguyên thiên nhiên

Sách trình bày tổng quan về ứng dụng của hệ thống thông tin địa lý trong quản lý môi trường, sử dụng và phân tích quản lý tài nguyên môi trường, kết hợp hệ thống thông tin địa lý với các mô hình quản lý tài nguyên – môi trường...

Descripción completa

Guardado en:
Detalles Bibliográficos
Autor principal: Nguyễn, Hiếu Trung
Formato: Libro
Lenguaje:Undetermined
Publicado: Cần Thơ Nxb. Đại học Cần Thơ 2011
Materias:
Etiquetas: Agregar Etiqueta
Sin Etiquetas, Sea el primero en etiquetar este registro!
Thư viện lưu trữ: Trung tâm Học liệu Trường Đại học Cần Thơ
LEADER 01187nam a2200205Ia 4500
001 CTU_166264
008 210402s9999 xx 000 0 und d
020 |c 15000 
082 |a 628.0285 
082 |b Tr513 
100 |a Nguyễn, Hiếu Trung 
245 0 |a Giáo trình ứng dụng hệ thống thông tin địa lý trong quản lý môi truờng và tài nguyên thiên nhiên 
245 0 |c Nguyễn Hiếu Trung chủ biên ; Trương Ngọc Phương biên soạn 
260 |a Cần Thơ 
260 |b Nxb. Đại học Cần Thơ 
260 |c 2011 
520 |a Sách trình bày tổng quan về ứng dụng của hệ thống thông tin địa lý trong quản lý môi trường, sử dụng và phân tích quản lý tài nguyên môi trường, kết hợp hệ thống thông tin địa lý với các mô hình quản lý tài nguyên – môi trường 
650 |a Bảo vệ môi trường,Environmenttal engineering,Environmental protection,Kỹ thuật môi trường 
904 |i Huỳnh Mai 
980 |a Trung tâm Học liệu Trường Đại học Cần Thơ